000 00557nam a22002057a 4500
003 PILC
005 20160126150315.0
008 130909t xxu||||| |||| 00| 0 eng d
050 _aPZ 7
_b.M379 1988
082 _aFIC
_bM363 1988
100 _aMartin, Ann M.
245 _aMary anne's bad-luck mystery
_cAnn M. Martin
260 _aNew York :
_bScholastic Inc.,
_cc1988.
300 _a137 p. :
_bill. ;
_c18 cm.
440 _aThe Babysitters Club
_n17
_917505
650 _aFiction.
_9746
942 _2lcc
_cBK
999 _c10737
_d10737